| 000 | 00658nam a2200205Ia 4500 | ||
|---|---|---|---|
| 001 | 5736 | ||
| 003 | GE_BSU | ||
| 008 | 181216s||||||||xx |||||||||||||| ||und|| | ||
| 040 | _cGE_BSU | ||
| 080 | _a517.982.4 | ||
| 100 | _aГельфанд И.М., Шилов Г.Е. | ||
| 245 | _aОбобщенные функции и действия над ними | ||
| 245 | _cРед М.С.Агранович и А. З. Ривкин | ||
| 260 | _aМосква | ||
| 260 | _bГосиздфиз-мат лит-ры | ||
| 260 | _c1958 | ||
| 300 | _a439 с. 21 см. | ||
| 653 | _aОбобщенные функции и действия над ними | ||
| 942 | _cBK | ||
| 999 |
_c39153 _d39153 |
||